|
|
|
|
| LEADER |
01044nam a22002297a 4500 |
| 001 |
4405 |
| 003 |
BD-DhAAL |
| 005 |
20141204101120.0 |
| 008 |
141204s1988 bg ||||| |||| 00| 0 ben d |
| 040 |
|
|
|a BD-DhAAL
|
| 082 |
|
|
|2 22
|a 346.54
|
| 100 |
|
|
|a শামসুর রহমান, গাজী
|9 6487
|
| 245 |
|
|
|a হিন্দু যৌথ পারিবারিক সম্পত্তি, ঋন ও বাটোয়ারা আইনের ভাষ্য /
|c গাজী শামসুর রহমান
|
| 260 |
|
|
|a ঢাকা :
|b পল্লব পাবলিশার্স,
|c ১৯৮৮
|
| 300 |
|
|
|a ১১৬ পৃ. ;
|c ২৩ সে. মি.
|
| 541 |
|
|
|e 4405
|
| 650 |
|
|
|a Hindu law
|9 6488
|
| 650 |
|
|
|a | Hindus
|x Legal status, laws, etc.
|z India
|9 6489
|
| 852 |
|
|
|a Ayesha Abed Library
|
| 942 |
|
|
|2 ddc
|c BK
|
| 999 |
|
|
|c 33202
|d 33202
|
| 952 |
|
|
|0 0
|1 4
|2 ddc
|4 0
|6 346_540000000000000_SHA
|7 0
|9 44319
|a BRACUL
|b BRACUL
|d 2014-12-04
|g 50.00
|l 1
|o 346.54 SHA
|p 3010004405
|r 2015-04-09
|s 2015-04-04
|t 1
|w 2014-12-04
|y BK
|x Koha Inventory 2020
|